<?xml version="1.0" encoding="UTF-8"?>
<record
    xmlns:xsi="http://www.w3.org/2001/XMLSchema-instance"
    xsi:schemaLocation="http://www.loc.gov/MARC21/slim http://www.loc.gov/standards/marcxml/schema/MARC21slim.xsd"
    xmlns="http://www.loc.gov/MARC21/slim">

  <leader>00430nam a22001457a 4500</leader>
  <controlfield tag="005">20260107152736.0</controlfield>
  <controlfield tag="008">260107b        |||||||| |||| 00| 0 eng d</controlfield>
  <datafield tag="020" ind1=" " ind2=" ">
    <subfield code="a">978-93-81374-21-4</subfield>
  </datafield>
  <datafield tag="041" ind1=" " ind2=" ">
    <subfield code="a">Mar.</subfield>
  </datafield>
  <datafield tag="100" ind1=" " ind2=" ">
    <subfield code="a">&#x92C;&#x93F;&#x930;&#x93E;&#x926;&#x93E;&#x930;, &#x92E;&#x93E;&#x927;&#x935;</subfield>
    <subfield code="9">216202</subfield>
  </datafield>
  <datafield tag="245" ind1=" " ind2=" ">
    <subfield code="a">&#x92E;&#x939;&#x93E;&#x930;&#x93E;&#x937;&#x94D;&#x91F;&#x94D;&#x930;&#x93E;&#x91A;&#x940; &#x905;&#x930;&#x94D;&#x925;&#x935;&#x94D;&#x92F;&#x935;&#x938;&#x94D;&#x925;&#x93E;</subfield>
  </datafield>
  <datafield tag="250" ind1=" " ind2=" ">
    <subfield code="a">3rd ed.</subfield>
  </datafield>
  <datafield tag="260" ind1=" " ind2=" ">
    <subfield code="a">Vidya Books</subfield>
    <subfield code="b">Aurangabad</subfield>
  </datafield>
  <datafield tag="942" ind1=" " ind2=" ">
    <subfield code="c">RF</subfield>
  </datafield>
  <datafield tag="999" ind1=" " ind2=" ">
    <subfield code="c">369729</subfield>
    <subfield code="d">369729</subfield>
  </datafield>
  <datafield tag="952" ind1=" " ind2=" ">
    <subfield code="0">0</subfield>
    <subfield code="1">0</subfield>
    <subfield code="2">ddc</subfield>
    <subfield code="4">0</subfield>
    <subfield code="7">0</subfield>
    <subfield code="a">SSMM</subfield>
    <subfield code="b">SSMM</subfield>
    <subfield code="d">2026-01-07</subfield>
    <subfield code="e">Vidya Books</subfield>
    <subfield code="g">560.00</subfield>
    <subfield code="i">65057</subfield>
    <subfield code="l">0</subfield>
    <subfield code="p">SSMM-BK-33725</subfield>
    <subfield code="r">2026-01-07 15:29:00</subfield>
    <subfield code="w">2025-12-15</subfield>
    <subfield code="y">RF</subfield>
    <subfield code="z">010033725</subfield>
  </datafield>
  <datafield tag="952" ind1=" " ind2=" ">
    <subfield code="0">0</subfield>
    <subfield code="1">0</subfield>
    <subfield code="2">ddc</subfield>
    <subfield code="4">0</subfield>
    <subfield code="7">0</subfield>
    <subfield code="a">SSMM</subfield>
    <subfield code="b">SSMM</subfield>
    <subfield code="d">2026-01-07</subfield>
    <subfield code="e">Vidya Books</subfield>
    <subfield code="g">560.00</subfield>
    <subfield code="i">65057</subfield>
    <subfield code="l">0</subfield>
    <subfield code="p">SSMM-BK-33726</subfield>
    <subfield code="r">2026-01-07 15:29:00</subfield>
    <subfield code="w">2025-12-15</subfield>
    <subfield code="y">RF</subfield>
    <subfield code="z">010033726</subfield>
  </datafield>
</record>
